Conflictos territoriales y territorialidades en disputa re-existencias y horizontes societales frente al capital en América Latina /

El presente libro colectivo que nos propusimos gestar y que ahora presentamos, tiene por objeto compendiar y difundir los avances de los procesos de diálogo de saberes y construcción de conocimiento que hemos ido produciendo en torno a las problemáticas territoriales en nuestra región, en términos d...

Descripción completa

Detalles Bibliográficos
Otros Autores: López, Pablo
Formato: Electrónico
Lenguaje:Espa�ol
Publicado: Buenos Aires : CLACSO, 2021.
Colección:Movimientos sociales y territorialidades
Materias:
Acceso en línea:Red de Bibliotecas Virtuales de CLACSO
Etiquetas: Agregar Etiqueta
Sin Etiquetas, Sea el primero en etiquetar este registro!

MARC

LEADER 00000nmm a22000004a 4500
001 AR-BbUGT5806
003 AR-BbUGT
005 20210927084957.0
007 cr an ||n|n
008 201014s2021 ag ||| o|| | 00| 0 spa d
020 |a 9789877229011  
040 |a AR-BbUGT  |c AR-BbUGT  |e aacr 
082 0 4 |2 21  |a 304.23 
245 0 0 |a Conflictos territoriales y territorialidades en disputa   |h [Recurso electrónico] :  |b re-existencias y horizontes societales frente al capital en América Latina /  |c Pabel López y Milson Betancourt Santiago (Coords.). 
260 |a Buenos Aires :  |b CLACSO,  |c 2021. 
300 |a 1 recurso en línea 
490 |a Movimientos sociales y territorialidades 
500 |a Descripción basada en el recurso electrónico; título tomado del pdf (visto el 23 de agosto de 2021).  
506 0 |a Acceso abierto. 
520 2 |a El presente libro colectivo que nos propusimos gestar y que ahora presentamos, tiene por objeto compendiar y difundir los avances de los procesos de diálogo de saberes y construcción de conocimiento que hemos ido produciendo en torno a las problemáticas territoriales en nuestra región, en términos de tensiones, transformaciones y re-existencias territoriales; territorios en disputa: territorialidades hegemónicas y territorialidades insurgentes. 
540 |a Esta obra está bajo licencia Creative Commons Atribución-NoComercial-SinDerivadas 2.0 Genérica (CC BY-NC-ND 2.0)   |u https://creativecommons.org/licenses/by-nc-nd/2.0/deed.es 
651 4 |9 570  |a América Latina 
653 0 |a Territorialidad  
653 0 |a Conflictos sociales  
653 0 |a Movimientos sociales  
653 0 |a Políticas públicas  
653 0 |a Economía popular  
653 0 |a Autogestión  
653 0 |a Colonialidad  
653 0 |a Resistencia 
700 1 |a López, Pablo.  
856 4 0 |2 http  |3 Texto completo.  |7 0  |u http://biblioteca.clacso.edu.ar/clacso/gt/20210607120501/Conflictos-territoriales.pdf  |z Red de Bibliotecas Virtuales de CLACSO 
942 |2 ddc  |c BK  |e 21 
999 |c 15999  |d 15999